| 000 | 00470nam a22001697a 4500 | ||
|---|---|---|---|
| 005 | 20240417095640.0 | ||
| 008 | 240417b |||||||| |||| 00| 0 eng d | ||
| 022 | _a02582503 | ||
| 041 | _aEnglish | ||
| 082 | _a349 SOU | ||
| 100 | _lEnglish | ||
| 245 | _aThe South African Law Journal | ||
| 260 |
_aCape Town: _bJuta and Company Ltd, _c2017 |
||
| 300 |
_b217 pages; _c25 cm. |
||
| 650 |
_aLegal practice _bLaw |
||
| 942 |
_cBK _6ALISON_BN_VRIES |
||
| 999 |
_c1543 _d1543 |
||